<?xml version="1.0" encoding="UTF-8"?>
<marc:record xmlns:marc="http://www.loc.gov/MARC21/slim">
   <marc:leader>00000nam a2200000 a 4500</marc:leader>
   <marc:datafield ind1="1" ind2=" " tag="100">
      <marc:subfield code="a">Brandau, Hannes</marc:subfield>
      <marc:subfield code="4">aut</marc:subfield>
      <marc:subfield code="e">Verfasser/-in</marc:subfield>
   </marc:datafield>
   <marc:datafield ind1="1" ind2=" " tag="100">
      <marc:subfield code="a">Kaschnitz, Wolfgang</marc:subfield>
      <marc:subfield code="4">aut</marc:subfield>
      <marc:subfield code="e">Verfasser/-in</marc:subfield>
   </marc:datafield>
   <marc:datafield ind1=" " ind2=" " tag="653">
      <marc:subfield code="a">Jugend</marc:subfield>
   </marc:datafield>
   <marc:datafield ind1=" " ind2=" " tag="653">
      <marc:subfield code="a">Aufmerksamkeitsdefizit-Syndrom</marc:subfield>
   </marc:datafield>
   <marc:datafield ind1=" " ind2=" " tag="653">
      <marc:subfield code="a">Neurobiologie</marc:subfield>
   </marc:datafield>
   <marc:datafield ind1=" " ind2=" " tag="653">
      <marc:subfield code="a">Erziehungsberatung</marc:subfield>
   </marc:datafield>
   <marc:datafield ind1=" " ind2=" " tag="653">
      <marc:subfield code="a">Aufmerksamkeits-Defizit-Syndrom</marc:subfield>
   </marc:datafield>
   <marc:datafield ind1=" " ind2=" " tag="653">
      <marc:subfield code="a">Softcover / Pädagogik</marc:subfield>
   </marc:datafield>
   <marc:datafield ind1="0" ind2="0" tag="245">
      <marc:subfield code="a">ADHS im Jugendalter</marc:subfield>
   </marc:datafield>
   <marc:datafield ind1="0" ind2="0" tag="245">
      <marc:subfield code="b">Grundlagen, Interventionen und Perspektiven für Pädagogik, Therapie und soziale Arbeit</marc:subfield>
   </marc:datafield>
   <marc:datafield ind1="0" ind2="0" tag="245">
      <marc:subfield code="c">Hannes Brandau ; Wolfgang Kaschnitz</marc:subfield>
   </marc:datafield>
   <marc:datafield ind1=" " ind2="1" tag="264">
      <marc:subfield code="a">Weinheim</marc:subfield>
      <marc:subfield code="b">Beltz Juventa</marc:subfield>
      <marc:subfield code="c">2013</marc:subfield>
   </marc:datafield>
   <marc:datafield ind1=" " ind2=" " tag="250">
      <marc:subfield code="a">2., überarb. Aufl.</marc:subfield>
   </marc:datafield>
   <marc:datafield ind1="1" ind2=" " tag="520">
      <marc:subfield code="a">Angaben aus der Verlagsmeldung

ADHS im Jugendalter : Grundlagen, Interventionen und Perspektiven für Pädagogik, Therapie und Soziale Arbeit / von Hannes Brandau, Wolfgang Kaschnitz

Der Band informiert anschaulich über Symptome, Ursachen und wissenschaftliche Erklärungskonzepte von ADHS, wobei eine ganzheitliche und ressourcenorientierte Förderung der Lebensbewältigung und Stärkung der Identität im Zentrum steht.

Jugendliche mit der Bezeichnung „Aufmerksamkeitsdefizithyperaktivitätsstörung“, kurz ADHS, stellen für die pädagogische und soziale Arbeit eine besondere Herausforderung dar. Kaum ein anderes Phänomen im Kindes- und Jugendalter steht so im Spannungsfeld von Medizin, Psychologie, Sozialer Arbeit und Pädagogik.
Wie kann man die subjektive Wirklichkeit dieser Jugendlichen verstehen? Welche Hilfen brauchen die Betroffenen und ihre Familien, damit sie ihr Leben in einer gelungenen sozialen, schulischen und beruflichen Integration meistern?
Der Band informiert anschaulich über Symptome, Ursachen und neue wissenschaftliche Erklärungskonzepte vor dem Hintergrund der aktuellen neurobiologischen Forschungsbefunde. Dabei gehen die Autoren von einem subjektorientierten und systemisch-sozialpädago-gischen Ansatz aus, für den eine ganzheitliche und ressourcenorientierte Förderung der Lebensbewältigung und Stärkung der Identität ins Zentrum rückt.
Anschauliche Fallbeispiele und praxisorientierte Tipps für Hilfen und therapeutische Interventionen ermöglichen eine konkrete Orientierung für Studierende und Praktiker in Pädagogik und Sozialer Arbeit.
</marc:subfield>
   </marc:datafield>
   <marc:datafield ind1=" " ind2=" " tag="020">
      <marc:subfield code="a">9783779929154</marc:subfield>
      <marc:subfield code="9">9783779929154</marc:subfield>
   </marc:datafield>
   <marc:datafield ind1=" " ind2=" " tag="020">
      <marc:subfield code="a">3779929155</marc:subfield>
      <marc:subfield code="9">3779929155</marc:subfield>
   </marc:datafield>
   <marc:datafield ind1=" " ind2=" " tag="041">
      <marc:subfield code="a">ger</marc:subfield>
   </marc:datafield>
   <marc:datafield ind1=" " ind2=" " tag="300">
      <marc:subfield code="a">208 S.</marc:subfield>
   </marc:datafield>
</marc:record>
